LEADER 00518nab a2200145 i 4500 001 000000308758 003 CaOOAMICUS 005 20180831172941.0 008 180831n xx uu u0 0und r 013 $a18818 040 $aSeMil$bita 100 1 $aRota, Pietro <1805-1890>.$0(OLS)http://semarc/name/3004 245 12$aL?Enciclica del papa e le menzogne dell? »Opinione». 773 0 $t[Luglio-Dicembre].$g193-205$w()273969 996 $6245$aL?Enciclica del papa e le menzogne dell? »Opinione»$9(OLS)http://semarc/title/384722 LEADER 01043nam a2200253 i 4500 001 000000067693 003 CaOOAMICUS 005 20100603000000.0 008 100603s1969 it u000 u ita u 013 $a38865 040 $aSeMil$bita 240 10$aAntworten auf Herbert Marcuse.$0(OLS)http://semarc/title/107894 245 10$aRisposte a Marcuse /$cA. Schmidt ... [et al.] ; a cura di Jürgen Habermas. 260 $aBari :$bLaterza,$c1969. 300 $a158 p. ;$c18 cm. 490 0 $aTempi nuovi ;$v17 600 14$aMarcuse, Herbert <1898-1979>.$0(OLS)http://semarc/subject/7099 700 1 $aHabermas, Jürgen,$d<1929- >.$0(OLS)http://semarc/name/3650 700 1 $aSchmidt, Alfred,$d<1931- >.$0(OLS)http://semarc/name/19132 830 0$aTempi nuovi ;$v17.$0(OLS)http://semarc/title/6928 850 $aSeMil 852 $aSeMil$W1$xVenegono$y1$m2O I 243$j33846$B33846$CSeMilBibl$Z2$F33849 $81 996 $6245$aRisposte a Marcuse$9(OLS)http://semarc/title/107893 996 $6260$aBari :$bLaterza$9(OLS)http://semarc/publisher/29858